000 00413nab a2200145Ia 4500
003 ES-SlBCS
005 20210601134616.0
008 140529s1993 xxu||||| |||| 00| 0 spa d
041 _aspa
100 1 _aLópez Y., Abilio
_9220383
245 0 0 _aLos modos del saber oprimido
_cAbilio López Y.
650 0 4 _aSaber Oprimido
_9220384
773 0 _tAnthropos
_gvol. 14, nº. 27, 1993, págs. 3-14
_wRev38
942 _cAR
999 _c615219
_d615219